000 00736nam a2200289Ia 4500
005 20260324123932.0
008 008 260324s9999 xx 000 0 eng d
020 _a9780203817773
037 _aEBOOK
040 _aCRL
040 _beng
040 _cCRL
041 _2eng
041 _aeng
084 _qCRL
100 _aAlan Southern
_91172217
245 0 _aEnterprise, Deprivation and Social Exclusion
245 4 _bThe Role of Small Business in Addressing Social and Economic Inequalities
260 _bTaylor and Francis
260 _c2011
365 _a
365 _b255
856 _uhttp://www.taylorfrancis.com/books/9780203817773
942 _cEBOOK
999 _c1766156
_d1766156